000 00476nam a2200181Ia 4500
005 20250603145328.0
008 250603s9999 xx 000 0 und d
020 _a9789780321697
050 _aP 92.N5 .M37/
100 _aEdited by Fred I. A. Omu & Godwin Ehiarekhian Oboh
245 0 _aMass media in Nigerian democracy
260 _aIbadan
260 _bStirling-Horden Publishers (Nig.) Ltd.
260 _c2008
300 _a329 p
650 _aIbadan
942 _cBK
999 _c41538
_d41538